| 000 | 00424nam a2200157Ia 4500 | ||
|---|---|---|---|
| 008 | 160316s1992 xxu||||| |||| 00| 0 eng d | ||
| 082 |
_a340.100000 _bBAY-2 |
||
| 100 | _aBayles Michael D | ||
| 245 | _aHart's legal philosophy : An examination | ||
| 250 | _a | ||
| 260 |
_aLondon _bKluwer Academic Publishers _c1992 |
||
| 300 |
_a316p _b _cxi |
||
| 365 | _b | ||
| 650 | _a1. Jurisprudence 2. Legal Philosophy | ||
| 700 |
_a _a |
||
| 999 |
_c16812 _d16812 |
||